| 000 | 00347nam a2200145Ia 4500 | ||
|---|---|---|---|
| 008 | 230917s9999||||xx |||||||||||||| ||und|| | ||
| 040 |
_e142193 _aMAIN |
||
| 041 | _aEnglish | ||
| 082 | _a954.8 Y29D | ||
| 100 | _aYazdani, g | ||
| 245 | 0 | _aDeccan Ka Prachin itihas | |
| 260 |
_aDelhi _bMacmillan India _c1977 |
||
| 300 | _a791p. p. | ||
| 942 | _cBK | ||
| 999 |
_c232267 _d232267 |
||